000 00777nam a22001817a 4500
999 _c63614
_d63614
003 Ge_BSU
005 20251114210247.0
008 251114s1972 ge ||||| |||| 00| 0 geo d
041 _ageo
080 _a908(575.2) გ-19
100 _aგამსახურდია, გ.
_915683
245 _aსაბჭოთა ყირგიზეთი.
_cგ. გამსახურდია.
264 _aთბილისი :
_bსაბჭ. საქართველო,
_c1972.
300 _a54 გვ. ;
_b16 სმ.
490 _aთავისუფალ ერთა მძლე კავშირი ძმური
653 _aკომუნისტური მშენებლობა ყირგიზეთში.
942 _2udc
_cᲬᲘᲒᲜᲘ